000
00292nam a2200133Ia 4500
100
_a
Wishart/Alfred
942
_c
BK
654
_a
Woodwork Practice
245
_a
Woodwork Practice & Theory
260
_b
Copp Chark
_a
Vancouver
_c
1936
082
_a
684
300
_a
236
546
_a
ENGLISH
999
_c
20773
_d
20773